Statistiques concernant Villes de l'Ain de plus de 10 000 hab

Cliquez ici pour prendre le quiz!

Statistiques générales

  • Ce quiz a été pris 23 fois
  • Le résultat moyen est 4 sur 9

Statistiques - réponses

VillePopulation% Correct
Bourg-en-Bresse41 900
100%
Oyonnax22 210
73%
Ambérieu-en-Bugey15 213
68%
Gex13 838
50%
Valserhône16 295
41%
Miribel10 566
23%
Divonne-les-Bains10 600
18%
Ferney-Voltaire11 725
18%
Saint-Genis-Pouilly16 901
18%

Distribution des résultats

Percentile par nombre de réponses

% des personnes avec chaque résultat

Votre développement - résultats

Vous n’avez pas pris ce quiz